00458nam a2200133Ia 4500008004100000024004700041082001800088100004900106245006100155260002600216600003200242650003300274999001700307260210s9999 xx 000 0 und d a17B-002-CE,17B-018-CE & 17B-034-CE a004.11072 UZA aUzair Ahmed,Abdullah Bhojani & Saqib Ali 0aElectrical System Load Management with Automatic Billing aKarachi:bUITU,c2017 aComputer System Engineering aBachelor of Engineering (BE) c32785d32785